Normal view
MARC view
- MS Thesis GIS and Remote Sensing
Entry Topical Term
001 - CONTROL NUMBER
- control field: 29264
003 - CONTROL NUMBER IDENTIFIER
- control field: NUST
005 - DATE AND TIME OF LATEST TRANSACTION
- control field: 20200805095720.0
008 - FIXED-LENGTH DATA ELEMENTS
- fixed length control field: 200805|| aca||aabn | a|a d
040 ## - CATALOGING SOURCE
- Original cataloging agency: NUST
- Transcribing agency: NUST
150 ## - HEADING--TOPICAL TERM
- Topical term or geographic name entry element: MS Thesis GIS and Remote Sensing
670 ## - SOURCE DATA FOUND
- Source citation: Work cat.: (NUST): Saeed, Omer 29263, Mobile GIS Framework for Location Based Services Based on Android Platform /, 2013.
